Wilde Salomé /

Đã lưu trong:
Chi tiết về thư mục
Tác giả chính: Beal, Jeff (Nhà soạn nhạc)
Tác giả khác: Navidi, Barry (Diễn viên, Nhà sản xuất), Delhomme, Benoît (Nhiếp ảnh gia), Pacino, Al (Diễn viên, Giám đốc, Người viết kịch bản), Hart, Roxanne (Diễn viên), Anderson, Kevin (attore) (Diễn viên), Parsons, Estelle (Diễn viên), Chastain, Jessica (Diễn viên)
Định dạng: Luận văn Slide
Ngôn ngữ:Tiếng Italy
Tiếng Anh
Được phát hành: Campi Bisenzio : CG Entertainment, c2018
Các nhãn: Thêm thẻ
Không có thẻ, Là người đầu tiên thẻ bản ghi này!

MARC

LEADER 00000ngm a22000007i 4500
001 IT\ICCU\MOD\1686297
003 ItRI
005 20260124182804.0
008 180831s2018 it |||||||||||||||k|||||c
024 3 1 |a 8057092022566 
028 4 2 |a PSV21805 
040 |b ita 
041 7 |a ita  |a eng  |2 ISO-639-2 
130 0 |a Wilde Salomé <film ; 2011>  |3 IT\ICCU\MOD\1686298 
245 0 0 |a Wilde Salomé /  |c written and directed by Al Pacino ; based on Oscar Wilde's play Salomé ; produced by Barry Navidi ; music by Jeff Beal ; director of photography Benoit Delhomme ; cast: Al Pacino, Jessica Chastain, Kevin Anderson ...[et al.]. 
260 |a Campi Bisenzio :  |b CG Entertainment,  |c c2018 
300 |a 1 DVD-Video (85 min) :  |b color., sonoro ;  |c 12 cm 
500 |a Titolo del contenitore 
500 |a Film del 2011, produzione Stati Uniti 
500 |a Interpreti: Al Pacino, Jessica Chastain, Kevin Anderson 
500 |a Lingue: italiano, originale; sottotitoli: italiano 
500 |a Caratteristiche tecniche: codice area 2; formato video: PAL, 16/9, 1,85.1; formato audio: Dolby Digital 5.1, 2.0 
502 |a Contenuti extra: Trailer 
700 1 |a Wilde, Oscar  |0 IT\ICCU\CFIV\000261  |4 ant 
700 1 |a Navidi, Barry  |0 IT\ICCU\DDSV\395105  |4 act 
700 1 |a Navidi, Barry  |0 IT\ICCU\DDSV\395105  |4 pro 
700 1 |a Delhomme, Benoît  |0 IT\ICCU\LO1V\301371  |4 pht 
700 1 |a Beal, Jeff  |0 IT\ICCU\LO1V\338295  |4 cmp 
700 1 |a Pacino, Al  |0 IT\ICCU\RAVV\088381  |4 act 
700 1 |a Pacino, Al  |0 IT\ICCU\RAVV\088381  |4 drt 
700 1 |a Pacino, Al  |0 IT\ICCU\RAVV\088381  |4 sce 
700 1 |a Hart, Roxanne  |0 IT\ICCU\RAVV\258160  |4 act 
700 1 |a Anderson, Kevin  |c  (attore)  |0 IT\ICCU\RAVV\306284  |4 act 
700 1 |a Parsons, Estelle  |0 IT\ICCU\TO0V\282638  |4 act 
700 1 |a Chastain, Jessica  |0 IT\ICCU\TSAV\600719  |4 act 
710 2 |a CG Entertainment  |0 IT\ICCU\DDSV\039619  |4 pbl 
790 0 |a C.3.3.  |3 IT\ICCU\BVEV\134340  |z Wilde, Oscar 
790 1 |a Wilde, Oscar Fingal OʼFlaherty Wills  |3 IT\ICCU\FERV\075121  |z Wilde, Oscar 
791 2 |a Cecchi Gori Entertainment  |3 IT\ICCU\DDSV\353142  |z CG Entertainment 
791 2 |a CG Home Video  |3 IT\ICCU\MODV\664430  |z CG Entertainment 
791 2 |a Cecchi Gori Home Video  |3 IT\ICCU\MODV\664431  |z CG Entertainment 
791 2 |a Cecchi Gori Home Group  |3 IT\ICCU\MODV\664432  |z CG Entertainment 
791 2 |a Cecchi Gori Editoria Elettronica Home video  |3 IT\ICCU\MODV\664433  |z CG Entertainment 
942 |2 ddc  |c VM  |n 0 
952 |0 0  |1 0  |4 0  |6 VO_2366_000000000000000  |7 0  |9 26279  |a BO  |b BO  |d 2026-01-24  |i 19163  |l 0  |o VO 2366  |p BO19163  |r 2026-01-24 18:28:04  |w 2026-01-24  |x [Sebina 5] [1 dvd]  |y VM  |z 1 dvd 
999 |c 22200  |d 22200